000 00772nam a2200253Ia 4500
003 OSt
005 20220928121414.0
006 a|||||r|||| 00| 0
007 ta
008 220927b |||||||| |||| 00| 0 eng d
020 _c325
024 _a124911
037 _b3374, 12/11/2014, R.K. Book Universal
_cTextual
040 _aSDCL
_cSDCL
_beng
041 _2eng
_aeng
082 _aD6,8(B289MATLAB), Q3
100 _aAbid Manaullah
_9452013
245 0 _aBeginning with C11 and matlab
260 _aNew Delhi
_bI.K. International Publishing House P. Ltd.
_c2013
300 _axii;297p.
_ccm.
650 _aI I C
942 _hD6,8(B289MATLAB), Q3
_cTEXL
_2CC
999 _c765995
_d765995